La investigación en el aula: Una tarea posible?

Na minha lista:
Detalhes bibliográficos
Autor principal: Prieto Parra, Marcia (autora)
Formato: Livro
Idioma:espanhol
Publicado em: Valparaíso Ediciones Universitarias de Valparaíso 2001
Edição:1a. ed
Assuntos:
Tags: Adicionar Tag
Sem tags, seja o primeiro a adicionar uma tag!

MARC

LEADER 00000nam a2200000 a 4500
001 UCJ8188
003 CL-VaPUC
008 070124e20010800CL |||||||||||||||||spa|d
082 0 4 |a 370.78  |b PRI  |2 21 
100 |a Prieto Parra, Marcia  |e autora  |9 745386 
245 1 3 |a La investigación en el aula: Una tarea posible? 
250 |a 1a. ed 
300 |a 90 p 
942 |c BK 
945 |d 20070124 00:00:00  |a rinostro 
260 |a Valparaíso  |b Ediciones Universitarias de Valparaíso  |c 2001 
500 |a Se ubica en área FHP UCV 
650 0 |a Investigación educacional   |9 261192 
650 0 |a Archivo histórico PUCV  |9 255554 
650 0 |a Métodos de investigación   |9 262618 
650 0 |a Académicos   |x Pontificia Universidad Católica de Valparaíso (PUCV)  |9 255553 
583 |a last modification  |c 20130912 04:30:49  |k Rodrigo Vera 
999 |c 323977  |d 323975 
952 |0 0  |1 0  |4 0  |6 370_780000000000000_PRI_2001  |7 0  |8 X  |9 403853  |a FDOBUD  |b FDOBUD  |d 2019-11-22  |i 1074229  |o 370.78 PRI 2001  |p 1074229  |r 2019-11-22  |w 2019-11-22  |y BK_X  |k BUD